000
00333nam a22001457a 4500
008
230206b ||||| |||| 00| 0 eng d
020
_a
9780618949892
041
_a
eng
080
_2
NINTH EDITION
_a
51
082
_a
51BRA
100
_a
20
101
_a
MATE
245
_a
UNDERSTANDABLE STATISTICS
_c
BRASE/BRASE
942
_2
udc
_c
BK
999
_c
59308
_d
59308